| 000 | 00864cam a2200241 a 4500 | ||
|---|---|---|---|
| 001 | 20411 | ||
| 003 | BD-RjUL | ||
| 005 | 20211209000549.0 | ||
| 008 | 140227s1912 enk 000 1 eng d | ||
| 035 |
_a(BD-RjUL)20473 _a(OCoLC)15085702 |
||
| 040 |
_aNUWS:W _beng _dBD-RjUL _cANL |
||
| 041 | _aeng | ||
| 082 | 0 | 4 |
_a809 _221 _bLOA 1912 |
| 100 | 1 |
_aLowell, James Russell, _d1819-1891. _962937 |
|
| 245 | 1 | 0 |
_aAmong my books / _cby James Russell Lowell. |
| 260 |
_aLondon ; _aNew York : _bDent : _bDutton, _c1912. |
||
| 300 |
_axi, 297 p. ; _c18 cm. |
||
| 490 | 1 | _aEveryman's library. Essays and belles lettres | |
| 505 | 0 | _aDryden -- Witchcraft -- Shakespeare once more -- New England two centuries ago -- Lessing -- Rousseau and the sentimentalists. | |
| 650 | 0 |
_aLiterature _xHistory and criticism. _962938 |
|
| 830 | 0 |
_aEveryman's library. _962940 |
|
| 942 |
_2ddc _cBK |
||
| 999 |
_c20411 _d20411 |
||